| 000 | 01257cam a22003737a 4500 | ||
|---|---|---|---|
| 003 | CHAP | ||
| 005 | 20220329133140.0 | ||
| 008 | 971013s1991 r 00010 d | ||
| 010 | _a2720 | ||
| 011 | _a3692 | ||
| 035 | _a2893 | ||
| 040 | _cCHAP | ||
| 090 | _aTesis | ||
| 100 | 0 | 0 |
_aGarcía Macedo, Reyna. _946241 |
| 245 | 0 | _aCaracterización de asociaciones florísticas en el suroeste de Puebla, con base al sustrato geológico | |
| 260 |
_aChapingo, Méx. : _bLos autores, _c1991 |
||
| 300 | _a172 h. | ||
| 502 | _aTesis (Ing. Forestal con Orientación en Silvicultura) -- UACH. División de Ciencias Forestales | ||
| 590 |
_aALEPH _b10 _c20130110 _lUCH01 _h1213 |
||
| 590 |
_aBATCH-UPD _b10 _c20130110 _lUCH01 _h1100 |
||
| 590 |
_aBATCH-UPD _b10 _c20130410 _lUCH01 _h0653 |
||
| 590 |
_aBATCH-UPD _b10 _c20130914 _lUCH01 _h0727 |
||
| 590 |
_aCONVERSION _b10 _c20130109 _lUCH01 _h1303 |
||
| 650 | 1 | 4 |
_aBotánica _xPuebla. _914608 |
| 650 | 1 | 4 |
_aBotánica _xPuebla. _914608 |
| 650 | 1 | 4 |
_aEcología vegetal. _935188 |
| 650 | 1 | 4 |
_aRocas. _998161 |
| 650 | 1 | 4 |
_aSuelos _xPuebla. _9110466 |
| 700 | 0 |
_aRazo Zárate, Ramón. _994902 |
|
| 901 | _aBK | ||
| 942 | _cTESIS | ||
| 949 |
_bBC _cTES _d-12401 _eTS1 _h24189 _i2893 _si |
||
| 949 |
_bDCF _cTES _d-4270 _eTS1 _i2893 _si |
||
| 999 |
_c2720 _d2720 |
||